| 000 | 01111cam a2200289 4500 | ||
|---|---|---|---|
| 001 | 000014258 | ||
| 003 | UkOxU | ||
| 005 | 20200929163537.0 | ||
| 008 | 730803s1970 sp b 001 0 spa d | ||
| 035 |
_a(OCoLC)ocm00670647 _z(OCoLC)670647 |
||
| 040 |
_aDO-SdBNP _cspa _dBNPHU |
||
| 043 | _ae-sp--- | ||
| 100 | 1 |
_aTamames, Ramón, _d1933- _932192 |
|
| 245 | 1 | 0 |
_aEstructura económica de España / _c[por] Ramón Tamames ; prólogo de José Luis Sampedro. |
| 250 | _a5. ed. | ||
| 260 |
_aMadrid : _bGuadiana de Publicaciones, _c1970. |
||
| 300 |
_axx, 836 p. ; _c24 cm. |
||
| 440 | 1 | 0 |
_aColección Biblioteca universitaria de economiá. _pManuales _932193 |
| 500 | _aIncluye notas al pie de las páginas. | ||
| 504 | _aIncludes bibliographical footnotes and indexes. | ||
| 651 | 0 |
_aSpain _xEconomic Conditions _y1918-1975. _932194 |
|
| 700 | 1 |
_aSampedro, José Luis _cpról. _932195 |
|
| 830 | 0 |
_aColección Biblioteca universitaria de economiá. _932196 |
|
| 852 |
_720424005 _yAvailable |
||
| 910 | _aCatalogación derivada | ||
| 049 | _aBNPD | ||
| 999 |
_c13854 _d13854 |
||